Catálogo
 En Linea

Discurso pronunciado por el ilustre benefactor de la patria y padre de la patria nueva, generalísimo Doctor Rafael Leónidas Trujillo Molina el día 24 de octubre de 1958, con motivo del grandioso homenaje que le tributaron representantes de la Industria, el Comercio, la Agricultura, la Banca y hombres de negocios del país. (Registro nro. 30032)

Detalles MARC
000 -CABECERA
campo de control de longitud fija 00938nam a2200205 a 4500
001 - NÚMERO DE CONTROL
campo de control 000030540
003 - IDENTIFICADOR DEL NÚMERO DE CONTROL
campo de control DO-SdBNP
005 - FECHA Y HORA DE LA ÚLTIMA TRANSACCIÓN
campo de control 20240229073937.0
007 - CAMPO FIJO DE DESCRIPCIÓN FÍSICA--INFORMACIÓN GENERAL
campo de control de longitud fija ta
008 - DATOS DE LONGITUD FIJA--INFORMACIÓN GENERAL
campo de control de longitud fija 110523s1958 dr c r 000 | spa d
040 ## - FUENTE DE LA CATALOGACIÓN
Centro catalogador/agencia de origen DO-SdBNP
Lengua de catalogación spa
Centro/agencia transcriptor BNPHU
082 ## - NÚMERO DE LA CLASIFICACIÓN DECIMAL DEWEY
Número de clasificación xxxx
Número de documento/Ítem T866d
100 1# - ENTRADA PRINCIPAL--NOMBRE DE PERSONA
Nombre de persona Trujillo Molina, Rafael Leónidas,
Fechas asociadas al nombre 1891-1961
9 (RLIN) 76764
245 10 - MENCIÓN DE TÍTULO
Título Discurso pronunciado por el ilustre benefactor de la patria y padre de la patria nueva, generalísimo Doctor Rafael Leónidas Trujillo Molina el día 24 de octubre de 1958, con motivo del grandioso homenaje que le tributaron representantes de la Industria, el Comercio, la Agricultura, la Banca y hombres de negocios del país.
Mención de responsabilidad, etc. Rafael Leónidas Trujillo Molina
260 ## - PUBLICACIÓN, DISTRIBUCIÓN, ETC.
Lugar de publicación, distribución, etc. Ciudad Trujillo, República Dominicana :
Nombre del editor, distribuidor, etc. Secretaría de Estado de Trabajo,
Fecha de publicación, distribución, etc. 1958.
300 ## - DESCRIPCIÓN FÍSICA
Extensión 18 p. :
Otras características físicas retr. ;
Dimensiones 23 cm.
590 ## - NOTA LOCAL (RLIN)
Nota local Inventariado, 2022/ YL
910 ## - DATOS DE OPCIÓN DEL USUARIO (OCLC)
Datos de opción del usuario YLockward
942 ## - ELEMENTOS DE PUNTO DE ACCESO ADICIONAL (KOHA)
Fuente del sistema de clasificación o colocación Dewey Decimal Classification
Tipo de ítem Koha Folleto
Existencias
Estado de retiro Estado de pérdida Fuente del sistema de clasificación o colocación Restricciones de uso No para préstamo Código de colección Localización permanente Ubicación/localización actual Ubicación en estantería Fecha de adquisición Número de inventario Signatura topográfica completa Código de barras Fecha visto por última vez Precio válido a partir de Tipo de ítem Koha Nota pública
    Dewey Decimal Classification Excluido de préstamo   Dominicana Folletos Raros y Valiosos Biblioteca Nacional Pedro Henríquez Ureña Biblioteca Nacional Pedro Henríquez Ureña En catalogación 23.05.2011 LF1 xxxx T866d 30540-10 25.06.2020 25.06.2020 Folleto Perteneció a la biblioteca personal de Martínez Boog.

Con tecnología Koha